000
00216nam a2200097Ia 4500
008
240331s9999 xx 000 0 und d
082
_b
CAS
100
_a
Kothari, R. ed
245
0
_a
Caste in Indian politics
942
_c
L
999
_c
1957
_d
1957